Quizzes
Events
Quiz Creation
Community
Videos
Private Events
Remove Ads
Sign In
Join for FREE
Feedback
Dark Mode
Quiz Categories
Sports
Geography
Music
Movies
Television
Just For Fun
Miscellaneous
History
Literature
Language
Science
Gaming
Entertainment
Religion
Holiday
For Kids
Quiz Lab
Recent
Popular Today
Quiz Kudos Today
Editor Picks
Curator Picks
Quizzes by...
Day
Popularity
Type
Ratings
Length
Year
Community
Subscriptions
Recent Discussions
Orange Saloon
Badges
Playlists
Quests
Create
Leaderboards
Showdown
Live 5
Trivia Bingo
Activity
Puzzle Library
Sporcle Events
Private Events
Virtual Trivia
Globe League
Become a Host
Pub Owners
SporcleCon
Opinionation
Our Games
Videos
Blog
Mobile Apps
Partnerships
Remove Ads and Go Orange
Feedback
Entertainment
Celebrity
Famous
Musical
Broadway
Show
Quote
Comic Books
Anime
Superhero
DC Comics
Marvel
Cartoons
Animation
Entertainment
Celebrity
Famous
Musical
Broadway
Show
Quote
Comic Books
Anime
Superhero
DC Comics
Marvel
Cartoons
Animation
Random Quiz
Search Sporcle
×
Quiz Lab
Quiz Lab
Entertainment
Women
Type in answers that appear in a list
Type in answers that appear in a list
Classic
Best Score? Go Orange.
Glamour Magazine's (UK) Best Dressed Women of 2013 Stats
Can you name the Glamour Magazine's (UK) Best Dressed Women of 2013?
By
die2nitelive4eva
10m
50 Questions
102 Plays
102 Plays
102 Plays
Comments
Comments
Give Quiz Kudos
Give Quiz Kudos
-
- Ratings
hide this ad
Replay
Link that replays current quiz
Next Quiz
Link to next quiz in quiz playlist
You Got
0%
They Got
Avg Score
52%
Avg Friend Score
Upgrade to see
Score Distribution
Jump to the score distribution portion of the page
Score
0/50
Timer
10:00
0
Plays Today
Hint
% Correct
Princess
Kate Middleton
83.3%
Friends Actress
Jennifer Aniston
80.4%
Controversial American Actress
Kristen Stewart
79.4%
Oscar Winning Young Actress
Jennifer Lawrence
76.5%
Sibling Royalty
Pippa Middleton
74.5%
Country Singer
Taylor Swift
74.5%
Disney Actress and Singer
Selena Gomez
72.5%
Gossip Girl sex symbol
Blake Lively
72.5%
WAG and fashion designer
Victoria Beckham
70.6%
Bajan Singer
Rihanna
69.6%
Latina singer, actress and dancer
Jennifer Lopez
68.6%
Magical British Actress
Emma Watson
68.6%
Aussie pop princess
Kylie
66.7%
Reality Star
Kim Kardashian
66.7%
Superstar singer and actress
Beyonce
66.7%
Glee Actress
Lea Michele
63.7%
Eccentric Blue eyed American Singer
Katy Perry
63.7%
Kooky American Singer
Lady Gaga
61.8%
Sexy Hollywood Actress
Angelina Jolie
59.8%
Aussie reality TV judge
Dannii Minogue
58.8%
Solo singer and girl band member
Cheryl Cole
58.8%
Former flame haired American actress
Emma Stone
58.8%
Aussie VS model
Miranda Kerr
57.8%
Dawson's Creek and Oscar nominated actress
Michelle Williams
56.9%
British Supermodel
Kate Moss
56.9%
Hint
% Correct
OC star and TV actress
Rachel Bilson
54.9%
Gossip Girl Actress and Singer
Leighton Meester
52%
Twilight Actress
Ashley Greene
51%
Quirky American TV actress and singer
Zooey Deschanel
47.1%
British Actress
Keira Knightley
46.1%
British Radio DJ and TV presenter
Fearne Cotton
46.1%
60's Inspired American Singer
Lana Del Rey
45.1%
American Actress and business woman
Jessica Alba
44.1%
Former Wild Child and Reality star
Nicole Richie
42.2%
Sci Fi Actress
Zoe Saldana
38.2%
British Actress and new mum
Sienna Miller
37.3%
Sexy actress who doesn't take herself too seriously
Mila Kunis
37.3%
New British Singer
Rita Ora
36.3%
British flame haired singer
Florence Welch
36.3%
German Actress and Model
Diane Kruger
35.3%
French Actress
Clemence Poesy
33.3%
Daughter of a rockstar and actress
Lily Collins
33.3%
All American Actress
Reese Witherspoon
31.4%
British VS model
Rosie Huntington Whiteley
30.4%
Hispanic Actress and TV star
Eva Longoria
30.4%
British It Girl
Alexa Chung
26.5%
Reality Star and It girl
Lauren Conrad
25.5%
Reality TV star and fashionista
Olivia Palermo
24.5%
Edgy Young American Actress
Rooney Mara
22.5%
Quirky British Singer and Songwriter
Jessie J
16.7%
Quiz Playlist
Details
Report
Send in Message
Add To Playlist
Classic:
Type in answers that appear in a list
Last Updated: Feb 16, 2017
Quiz Scoreboard
CHALLENGE
Sign Up to Join the Scoreboard
Show All
Scores
Hide
Comments
May contain spoilers
Recently Published
College Basketball Coaching Resumes
by pancakes188
Sports
9m
Billboard Blitz: Fleetwood Mac
by CooCooCachoo
Music
15s
Presidents Visiting Landmarks
by Hejman
History
7m
More to Explore
Quiz From the Vault
Featured Blog Post
Where Did the Easter Bunny Come From?
hide this ad
You Might Also Like...
Tags
2013
Dressed
glamour
Magazines
Women
Today's Top Quizzes in Entertainment
Browse Entertainment
hide this ad
Today's Top Quizzes in Women
Browse Women
Top Contributed Quizzes in Entertainment
1
7-to-1: DC Comics Villains
2
Marvel Characters Bunker
3
Eurovision 2023 Logic Puzzle
4
Dragon Ball Z: Goku's Fights in Order
5
Criteria Quickie: Cartoon Taxonomy II
6
Sorting Pictures: Villains
7
Kamen Rider Motifs
8
Mini Trivia Sudoku: Musicals
9
Fictional Villains Letter U Blitz
10
7-to-1: One Piece
Explore More
Trending Topics
NBA
Kpop
Anime
Marvel
Harry Potter
Disney
Crossword
Soccer
Puzzle
NFL
Country
Song
Pokémon
The Office
WWE
hide this ad
More By:
die2nitelive4eva
Quiz
Plays
Rating
Category
Featured
Created
Guess The Actor By The Movie (300)
671
3.00
Movies
Feb 7, 2013
Total Film's 100 Sexiest Movie Stars
529
2.92
Movies
May 13, 2016
Complex 100 hottest women in music
514
4.00
Music
Mar 1, 2014
Total Film's 200 Greatest Performances
474
1.17
Movies
Jul 4, 2013
2000 in Music (Clips)
428
3.80
Music
May 22, 2016
Go to Creator's Profile
Score Distribution
Quiz Creator Spotlight
die2nitelive4eva
Follow
Send a Message
Quizzes Created
-
Created Quiz Play Count
-
More By This Creator
Popular Quizzes Today
1
Find the US States - No Outlines Minefield
2
Find the Countries of Europe - No Outlines Minefield
3
The Countries of the World
4
Find the US States
5
Risky Map Clicking: Biggest States A-Z
6
US States
7
Popular People in 1961
8
Movies - When Are They Set?
More Entertainment Quizzes
Only 5 Years Apart XII
Published
Trending Quizzes
Risky Map Clicking: Least Populous States A-Z
1-10 Letter G Words
1-10 Letter F Words
Risky Map Clicking: Next State Alphabetically
Risky Map Clicking: Biggest States A-Z
Recently Updated
Leaping Animals
pecheneg
Reality TV Shows (A-Z)
bhenderson79
Rickey Henderson's Hall of Fame Teammates
pecheneg
Champions League XIs: Arsenal
pecheneg
Quick Pick: Celebrities in WWE's Hall of Fame
aduchscher
A-Z Keypad Blitz II
pecheneg
Multiple Oscar Actors
pecheneg
Mystery Phrase Blitz: Oscar 'Best Actors'
pecheneg
F. Scott Fitzgerald Novels
LTH
Pick 3 Villains
ddd62291
Trending Topics
Kpop
Marvel
Crossword
Anime
NBA
Disney
Harry Potter
The Office
Puzzle
Country
Pokémon
WWE
Soccer
Song
NFL
Your Account Isn't Verified!
In order to create a playlist on Sporcle, you need to verify the email address you used during registration. Go to your
Sporcle Settings
to finish the process.
Report this User
Report this user for behavior that violates our
Community Guidelines
.
Details:
Send Report
Go to the Sporcle.com Mobile Site →
Comments